NATO Reporting Names - Soviet/Russian Aircraft - Statistics

General Stats
  • This quiz has been taken 259 times
  • The average score is 16 of 42
Answer Stats
Group Name NATO Reporting Name % Correct
Fighters Su-27 Flanker
78%
Fighters MiG-29 Fulcrum
76%
Fighters MiG-25 Foxbat
69%
Bombers Tu-95 Bear
67%
Fighters MiG-15 Fagot
67%
Fighters MiG-21 Fishbed
67%
Fighters Su-57 Felon
66%
Helicopters Mi-24 Hind
62%
Fighters MiG-31 Foxhound
59%
Fighters MiG-23 Flogger
53%
Bombers Tu-160 Blackjack
51%
Fighters Su-34 Fullback
51%
Fighters Su-24 Fencer
43%
Bombers Tu-22M Backfire
37%
Helicopters Mi-28 Havoc
35%
Helicopters Mi-8 Hip
35%
Bombers Tu-16 Badger
34%
Helicopters Mi-26 Halo
33%
Fighters Su-15 Flagon
30%
Fighters Yak-38 Forger
30%
Helicopters Ka-27 Helix
30%
Transport Il-76 Candid
29%
Helicopters Ka-52 Hokum
29%
Fighters MiG-9 Fargo
28%
Fighters Su-47 Firkin
28%
Bombers Il-28 Beagle
26%
Transport An-22 Cock
25%
Helicopters Mi-2 Hoplite
24%
Transport An-24 Coke
23%
Transport An-2 Colt
22%
Transport An-225 Cossack
22%
Transport Tu-154 Careless
21%
Transport An-72 Coaler
21%
Transport An-124 Condor
21%
Fighters MiG 1.44 Flatpack
21%
Helicopters Mi-34 Hermit
21%
Helicopters Ka-26 Hoodlum
21%
Bombers Il-10 Beast
20%
Transport Il-86 Camber
20%
Transport Tu-144 Charger
20%
Transport Il-62 Classic
20%
Bombers Il-2 Bark
19%
No matching quizzes found
Score Distribution
Percent of People with Each Score
Percentile by Number Answered
Your Score History
You have not taken this quiz